[Event "CHN-chT (Women)"]
[Site "Liaocheng"]
[Date "2021.10.28"]
[Round "9.1"]
[White "Ren, Xiaoyi"]
[Black "Wang, Yuehan"]
[Result "1/2-1/2"]
[WhiteElo "2241"]
[BlackElo "1743"]
[PlyCount "99"]
[EventDate "2021.10.20"]
[EventType "team-tourn"]
[EventRounds "9"]
[EventCountry "CHN"]
[SourceTitle "CBM 204 Extra"]
[Source "ChessBase"]
[SourceDate "2021.11.30"]
[SourceVersion "1"]
[SourceVersionDate "2021.11.30"]
[SourceQuality "1"]
[WhiteTeam "Chengdu (W)"]
[BlackTeam "Shandong (W)"]
[WhiteTeamCountry "CHN"]
[BlackTeamCountry "CHN"]

1. d4 Nf6 2. c4 e6 3. g3 c5 4. d5 d6 5. Nc3 exd5 6. cxd5 g6 7. Bg2 Bg7 8. Nf3 0-0 9. 0-0 a6 10. a4 Re8 11. Nd2 Nbd7 12. e4 Rb8 13. a5 b5 14. axb6 Nxb6 15. h3 Nfd7 16. f4 f5 17. exf5 gxf5 18. Kh2 Nf6 19. Re1 Kh8 20. Nf3 Rxe1 21. Qxe1 Qg8 22. Qe7 Ne8 23. Ng5 Bf6 24. Qe2 Ng7 25. Bd2 h6 26. Nf3 Nxd5 27. Nxd5 Qxd5 28. Bc3 Bxc3 29. bxc3 Bb7 30. Nh4 Qb3 31. Qd3 Bxg2 32. Nxg2 Rb6 33. Rxa6 Rxa6 34. Qxa6 Qxc3 35. Qxd6 Kh7 36. g4 Qd4 37. Qe7 Kg6 38. Qf8 Qd5 39. Qh8 c4 40. Nh4+ Kf7 41. Qxh6 Qd2+ 42. Ng2 fxg4 43. hxg4 c3 44. g5 Qd4 45. Qc6 Ne6 46. Qb7+ Kf8 47. g6 Qf6 48. Qe4 Nd4 49. Ne3 c2 50. Nxc2 1/2-1/2

[Event "CHN-chT (Women)"]
[Site "Liaocheng"]
[Date "2021.10.24"]
[Round "5.1"]
[White "Wang, Yuehan"]
[Black "Xiao, Yiyi"]
[Result "0-1"]
[WhiteElo "1743"]
[BlackElo "2315"]
[PlyCount "104"]
[EventDate "2021.10.20"]
[EventType "team-tourn"]
[EventRounds "9"]
[EventCountry "CHN"]
[SourceTitle "CBM 204 Extra"]
[Source "ChessBase"]
[SourceDate "2021.11.30"]
[SourceVersion "1"]
[SourceVersionDate "2021.11.30"]
[SourceQuality "1"]
[WhiteTeam "Shandong (W)"]
[BlackTeam "Tianjin (W)"]
[WhiteTeamCountry "CHN"]
[BlackTeamCountry "CHN"]

1. e4 c5 2. Nf3 Nc6 3. d4 cxd4 4. Nxd4 Nf6 5. Nc3 d6 6. f3 e5 7. Nb3 Be7 8. Be3 Be6 9. g4 d5 10. g5 Nxe4 11. Nxe4 dxe4 12. Qxd8+ Rxd8 13. fxe4 h6 14. Bb5 hxg5 15. Bxa7 Kf8 16. Bxc6 bxc6 17. Bb6 Rb8 18. Ba5 Rh4 19. Bc3 Rxe4+ 20. Kf2 Rf4+ 21. Ke3 f6 22. Rhf1 Kf7 23. Rxf4 gxf4+ 24. Kf2 Rh8 25. Kg1 c5 26. Nd2 c4 27. Ne4 f5 28. Nf2 e4 29. Bd4 e3 30. Nd1 Bd5 31. Nc3 Bc6 32. a4 Bh4 33. Kf1 Bf2 34. Nd1 Rxh2 35. Nxf2 Rxf2+ 36. Kg1 Rg2+ 37. Kf1 Rh2 38. Ra3 Bf3 39. Bxe3 fxe3 40. Rxe3 Be4 41. a5 Rxc2 42. Ra3 Rxb2 43. a6 g5 44. a7 Ba8 45. Ra5 Kf6 46. Rc5 Ra2 47. Rc7 g4 48. Rxc4 g3 49. Rc1 f4 50. Rb1 f3 51. Rd1 g2+ 52. Kg1 f2+ 0-1

[Event "Asia Cup U14"]
[Site "Shenzhen"]
[Date "2019.12.25"]
[Round "9.3"]
[White "Temuujin, Kherlen"]
[Black "Wang, Yuehan"]
[Result "1-0"]
[WhiteElo "1711"]
[BlackElo "1724"]
[PlyCount "101"]
[EventDate "2019.12.19"]
[EventType "team-tourn"]
[EventRounds "9"]
[EventCountry "CHN"]
[SourceTitle "CBM 194 Extra"]
[Source "ChessBase"]
[SourceDate "2020.03.31"]
[SourceVersion "1"]
[SourceVersionDate "2020.03.31"]
[SourceQuality "1"]
[WhiteTeam "Mongolia"]
[BlackTeam "China II"]
[WhiteTeamCountry "MGL"]
[BlackTeamCountry "CHN"]

1. d4 Nf6 2. c4 e6 3. Nc3 Bb4 4. e3 0-0 5. Bd3 c5 6. a3 Bxc3+ 7. bxc3 d6 8. Ne2 b6 9. 0-0 Nc6 10. Ng3 e5 11. d5 Na5 12. e4 Ba6 13. Qe2 Qd7 14. Nf5 g6 15. Nh6+ Kg7 16. f4 Ng8 17. Nxg8 Kxg8 18. fxe5 dxe5 19. Bh6 Rfd8 20. Qf3 Qe7 21. h4 f6 22. Qxf6 Qxf6 23. Rxf6 Bxc4 24. Bxc4 Nxc4 25. g4 Nd6 26. Re1 Nf7 27. Bc1 Kg7 28. Ref1 Nd6 29. h5 Rd7 30. Re6 Nxe4 31. Rxe5 Nf6 32. h6+ Kf7 33. g5 Rd6 34. gxf6 Rxf6 35. Rxf6+ Kxf6 36. Re6+ Kf7 37. Bg5 Rf8 38. Rf6+ Ke8 39. Rxf8+ Kxf8 40. Kf2 Ke8 41. Ke3 b5 42. Ke4 a5 43. d6 Kd7 44. Kd5 b4 45. cxb4 cxb4 46. a4 b3 47. Bc1 g5 48. Ba3 g4 49. Ke4 b2 50. Bxb2 Kxd6 51. Bc3 1-0

[Event "Asia Cup U14"]
[Site "Shenzhen"]
[Date "2019.12.19"]
[Round "1.4"]
[White "Ebrahimi Herab, Hamidreza"]
[Black "Wang, Yuehan"]
[Result "0-1"]
[WhiteElo "2053"]
[BlackElo "1724"]
[PlyCount "130"]
[EventDate "2019.12.19"]
[EventType "team-tourn"]
[EventRounds "9"]
[EventCountry "CHN"]
[SourceTitle "CBM 194 Extra"]
[Source "ChessBase"]
[SourceDate "2020.03.31"]
[SourceVersion "1"]
[SourceVersionDate "2020.03.31"]
[SourceQuality "1"]
[WhiteTeam "Iran"]
[BlackTeam "China II"]
[WhiteTeamCountry "IRI"]
[BlackTeamCountry "CHN"]

1. d4 Nf6 2. c4 e6 3. Nc3 Bb4 4. f3 d5 5. a3 Bxc3+ 6. bxc3 0-0 7. cxd5 exd5 8. e3 Bf5 9. Ne2 Re8 10. g4 Bg6 11. h4 h6 12. Nf4 Qd6 13. Kf2 Nbd7 14. Nxg6 fxg6 15. Bd3 Nf8 16. Qc2 N6d7 17. Qb3 c5 18. Bb1 cxd4 19. cxd4 Kh8 20. Ba2 Rac8 21. e4 Nb6 22. e5 Qd7 23. a4 Ne6 24. Be3 Nc4 25. Qb5 Qd8 26. Rac1 a6 27. Qb1 Nxe3 28. Kxe3 Rxc1 29. Qxc1 Qd7 30. Qc2 Qf7 31. Qh2 Qf8 32. Rb1 Qa3+ 33. Bb3 Rc8 34. Qd2 Qf8 35. Kf2 Qd8 36. Kg3 Qd7 37. Qd3 Rf8 38. Qxg6 Nxd4 39. Bd1 Qc7 40. Qh5 Qc3 41. g5 Qe1+ 42. Kg2 Nxf3 43. Bxf3 Qxb1 44. e6 Qc2+ 45. Kg1 Qc1+ 46. Kg2 Qd2+ 47. Kf1 Qe3 48. Kg2 Qxe6 49. gxh6 gxh6 50. Kh2 Qd6+ 51. Kg2 Rg8+ 52. Kf2 Qc5+ 53. Kf1 Rg1+ 54. Ke2 Qc4+ 55. Kf2 Qc5+ 56. Ke2 Qc2+ 57. Ke3 Re1+ 58. Kf4 Qc7+ 59. Kg4 Rg1+ 60. Kf5 Qd7+ 61. Ke5 Re1+ 62. Kd4 Qxa4+ 63. Kc5 Qc6+ 64. Kb4 Qc4+ 65. Ka3 Qc3+ 0-1

[Event "China zt 3.5 (Women)"]
[Site "Zibo"]
[Date "2019.09.11"]
[Round "11"]
[White "Wang, Yuehan"]
[Black "Li, Xueyi"]
[Result "1/2-1/2"]
[WhiteElo "1600"]
[BlackElo "2323"]
[PlyCount "191"]
[EventDate "2019.09.05"]
[EventType "swiss"]
[EventRounds "11"]
[EventCountry "CHN"]
[SourceTitle "EXT 2020"]
[Source "ChessBase"]
[SourceDate "2019.10.17"]
[SourceVersion "1"]
[SourceVersionDate "2019.10.17"]
[SourceQuality "1"]

1. e4 c6 2. d4 d5 3. exd5 cxd5 4. Bd3 Nc6 5. c3 Qc7 6. Ne2 Bg4 7. f3 Bd7 8. Bf4 e5 9. dxe5 Nxe5 10. Bc2 Nf6 11. 0-0 Bd6 12. Bg3 0-0 13. Re1 Rfe8 14. Bb3 Rad8 15. Nd4 Qb6 16. Kh1 a5 17. a4 Ng6 18. Rxe8+ Rxe8 19. Bxd6 Qxd6 20. Na3 h5 21. Nab5 Qe5 22. Qd2 h4 23. Kg1 Nf4 24. Bc2 Qg5 25. Kf1 Re2 26. Nxe2 Qxg2+ 27. Ke1 Qh1+ 28. Kf2 Nh3+ 29. Ke3 Qxa1 30. Nc1 g6 31. Bd1 Ng5 32. Na3 Ne6 33. Nb3 Qa2 34. Nc1 d4+ 35. cxd4 Qd5 36. Ne2 Qg5+ 37. Kd3 Qg2 38. Nc3 h3 39. Nab5 Ng5 40. Ke3 Qh1 41. d5 Ngh7 42. Nd4 g5 43. Kd3 Qg1 44. Bb3 g4 45. fxg4 Qxg4 46. Bd1 Qh4 47. Qe3 Nf8 48. Bf3 Ng6 49. Kc2 Ng4 50. Qg1 Nxh2 51. Qxh2 Qxd4 52. Be4 Bxa4+ 53. b3 Bd7 54. Qb8+ Kg7 55. Qxb7 Qf2+ 56. Kd1 Bf5 57. d6 Qd4+ 58. Ke2 Bxe4 59. Nxe4 h2 60. Ng3 Qb2+ 61. Kf1 Qc1+ 62. Kg2 h1Q+ 63. Nxh1 Qd2+ 64. Nf2 Qxd6 65. Ne4 Qf4 66. Qd5 Qe3 67. Kf1 Qc1+ 68. Kf2 Qf4+ 69. Ke2 Qh2+ 70. Ke3 Qg1+ 71. Kf3 Qa1 72. Kf2 Ne5 73. Kg2 Qb2+ 74. Kg3 Ng6 75. Kf3 Qa1 76. Kf2 Kg8 77. Qd8+ Kh7 78. Qd5 Kg7 79. Ng5 Qf6+ 80. Kg1 Nf4 81. Qxa5 Qb2 82. Qa8 Qc1+ 83. Kh2 Qd2+ 84. Kg3 Ne2+ 85. Kf3 Nd4+ 86. Kg4 f5+ 87. Kh3 Qe3+ 88. Kh2 Qf4+ 89. Kh3 Qg4+ 90. Kh2 Qe2+ 91. Kg1 Qd1+ 92. Kh2 Qd2+ 93. Kh3 Ne2 94. Qb7+ Kg6 95. Qf7+ Kxg5 96. Qg7+ 1/2-1/2

[Event "China zt 3.5 (Women)"]
[Site "Zibo"]
[Date "2019.09.10"]
[Round "10"]
[White "Zhao, Shengxin"]
[Black "Wang, Yuehan"]
[Result "1/2-1/2"]
[WhiteElo "2162"]
[BlackElo "1600"]
[PlyCount "96"]
[EventDate "2019.09.05"]
[EventType "swiss"]
[EventRounds "11"]
[EventCountry "CHN"]
[SourceTitle "EXT 2020"]
[Source "ChessBase"]
[SourceDate "2019.10.17"]
[SourceVersion "1"]
[SourceVersionDate "2019.10.17"]
[SourceQuality "1"]

1. d4 Nf6 2. c4 e6 3. g3 d5 4. Bg2 c6 5. Nf3 Nbd7 6. Qc2 Bd6 7. 0-0 0-0 8. Nbd2 b6 9. cxd5 cxd5 10. Qc6 Qc7 11. Qxa8 Ba6 12. Qxf8+ Kxf8 13. Re1 Qc2 14. Bf1 Ne4 15. e3 Bxf1 16. Rxf1 Ndf6 17. a3 a5 18. b4 a4 19. Rb1 Qd3 20. Ne1 Qc3 21. Ndf3 g5 22. Ne5 Bxe5 23. dxe5 Qxe5 24. b5 Nc3 25. Rb2 g4 26. f4 Qe4 27. Rb4 d4 28. Rf2 dxe3 29. Rc2 Qd5 30. Rxc3 Qd1 31. Kf1 Nd5 32. Rc8+ Kg7 33. Re4 Qb3 34. Rd4 Qxb5+ 35. Nd3 Qb1 36. Ke2 Ne7 37. Rb4 Qa2+ 38. Bb2+ Kh6 39. Rc2 Qd5 40. Kxe3 Qf3+ 41. Kd2 Nd5 42. Bd4 Qg2+ 43. Kd1 Qf3+ 44. Kd2 Qg2+ 45. Kd1 Qf3+ 46. Kd2 Qg2+ 47. Kd1 Qf3+ 48. Kd2 Qg2+ 1/2-1/2

[Event "China zt 3.5 (Women)"]
[Site "Zibo"]
[Date "2019.09.07"]
[Round "5"]
[White "Hu, Yu A"]
[Black "Wang, Yuehan"]
[Result "1-0"]
[WhiteElo "2105"]
[BlackElo "1600"]
[PlyCount "97"]
[EventDate "2019.09.05"]
[EventType "swiss"]
[EventRounds "11"]
[EventCountry "CHN"]
[SourceTitle "EXT 2020"]
[Source "ChessBase"]
[SourceDate "2019.10.17"]
[SourceVersion "1"]
[SourceVersionDate "2019.10.17"]
[SourceQuality "1"]

1. e4 c5 2. Nf3 Nc6 3. Bb5 g6 4. Bxc6 dxc6 5. d3 Bg7 6. Nc3 e5 7. Be3 Qe7 8. h3 Nf6 9. Qd2 Nd7 10. Bh6 Bxh6 11. Qxh6 f6 12. 0-0-0 Nf8 13. Qe3 Ne6 14. g4 Nd4 15. Nd2 Be6 16. Kb1 0-0-0 17. f4 g5 18. fxe5 fxe5 19. Ne2 h5 20. Nxd4 cxd4 21. Qg3 hxg4 22. hxg4 Rh4 23. Nf3 Rxg4 24. Qxe5 Rg2 25. Rh8 c5 26. Rdh1 g4 27. Rxd8+ Qxd8 28. Qxe6+ Qd7 29. Qxd7+ Kxd7 30. Ne1 Re2 31. Kc1 g3 32. Rg1 Re3 33. Kd2 Kc6 34. Rf1 g2 35. Nxg2 Rg3 36. Nf4 Kd6 37. Rf2 Ke5 38. Ne2 Rh3 39. Rf5+ Kd6 40. c3 dxc3+ 41. bxc3 b5 42. Rf6+ Kc7 43. Rf7+ Kb6 44. e5 a5 45. e6 Rh8 46. e7 Re8 47. Nf4 Kc6 48. Ng6 Kd7 49. Rf8 1-0

[Event "Wch U12 Girls"]
[Site "Weifang"]
[Date "2019.??.??"]
[Round "5"]
[White "Bayasgalan, Khishigbaatar"]
[Black "Wang, Yuehan"]
[Result "1/2-1/2"]
[WhiteElo "1643"]
[BlackElo "1600"]
[PlyCount "113"]
[EventDate "2019.08.21"]
[EventType "swiss"]
[EventRounds "11"]
[EventCountry "CHN"]
[SourceTitle "EXT 2020"]
[Source "ChessBase"]
[SourceDate "2019.10.17"]
[SourceVersion "1"]
[SourceVersionDate "2019.10.17"]
[SourceQuality "1"]

1. e4 c5 2. d4 cxd4 3. c3 dxc3 4. Nxc3 Nc6 5. Nf3 d6 6. Bc4 e6 7. Bf4 a6 8. a4 Be7 9. 0-0 Nf6 10. Qe2 0-0 11. Rfd1 Qc7 12. Rac1 Rd8 13. Bb3 Qb6 14. Ba2 Ng4 15. Ne1 Nge5 16. Be3 Qa5 17. f4 Ng6 18. Qf2 Qh5 19. Bb6 Rf8 20. Nc2 f5 21. g3 Kh8 22. exf5 Qxf5 23. Ne3 Qh3 24. Rf1 e5 25. Bb1 exf4 26. Bxg6 hxg6 27. gxf4 Ne5 28. Qg3 Nd3 29. Rc2 Nb4 30. Rg2 Qxg3 31. hxg3 Kg8 32. Ned5 Nxd5 33. Nxd5 Bd8 34. Rd2 Be6 35. a5 Bxd5 36. Bxd8 Rfxd8 37. Rxd5 Rac8 38. b4 Rc3 39. Kg2 Rb3 40. Rd4 Kf7 41. Rc1 Rd7 42. Kh3 Kf6 43. Kg4 d5 44. Rc5 Ke6 45. Kh4 Kf6 46. Kg4 Rb1 47. Kf3 Rb2 48. Kg4 Rb3 49. Kh3 Ke6 50. Kh4 Kf7 51. Kh3 Ke6 52. Kh4 Ke7 53. Kg4 Ke6 54. Kh4 Rb2 55. Kh3 Rb1 56. Kg4 Rb3 57. Kh3 1/2-1/2

[Event "Wch U12 Girls"]
[Site "Weifang"]
[Date "2019.??.??"]
[Round "11"]
[White "Wang, Yuehan"]
[Black "Yang, Jianan"]
[Result "1-0"]
[WhiteElo "1600"]
[BlackElo "1512"]
[PlyCount "135"]
[EventDate "2019.08.21"]
[EventType "swiss"]
[EventRounds "11"]
[EventCountry "CHN"]
[SourceTitle "EXT 2020"]
[Source "ChessBase"]
[SourceDate "2019.10.17"]
[SourceVersion "1"]
[SourceVersionDate "2019.10.17"]
[SourceQuality "1"]

1. e4 c5 2. Nf3 Nc6 3. d4 cxd4 4. Nxd4 e5 5. Nb5 a6 6. Nd6+ Bxd6 7. Qxd6 Qe7 8. Qd1 Nf6 9. Nc3 d6 10. Bg5 Be6 11. Bxf6 Qxf6 12. Qxd6 Rd8 13. Qc5 Nd4 14. Bd3 Qg5 15. h4 Qf4 16. Ne2 Nxe2 17. Kxe2 Rc8 18. Qe3 Qg4+ 19. Kf1 0-0 20. f3 Qg3 21. Qg5 Qxg5 22. hxg5 Bc4 23. Bxc4 Rxc4 24. c3 Rc6 25. Rd1 Rg6 26. Rh5 f6 27. gxf6 gxf6 28. Kf2 Rf7 29. Rd8+ Kg7 30. Rh1 Rg5 31. g4 Re7 32. Ke3 Kg6 33. Rg8+ Rg7 34. Rxg7+ Kxg7 35. Rd1 Kg6 36. Rd7 b5 37. Ra7 h5 38. gxh5+ Rxh5 39. Rxa6 Rh2 40. b3 Rc2 41. Kd3 Rf2 42. Rb6 Rxf3+ 43. Kd2 Rf2+ 44. Kd3 Rxa2 45. Rxb5 Rh2 46. b4 Rh3+ 47. Kd2 Rh2+ 48. Kd3 Rh3+ 49. Kc4 Re3 50. Rc5 Rxe4+ 51. Kd3 Re1 52. b5 f5 53. Kd2 Rb1 54. Rxe5 Kg5 55. Kc2 Rh1 56. b6 Rh8 57. b7 Kg4 58. c4 f4 59. Rb5 Rb8 60. c5 f3 61. c6 f2 62. Rb1 Kf4 63. Rf1 Ke5 64. c7 Rxb7 65. c8Q Rf7 66. Qe8+ Kf6 67. Rxf2+ Kg6 68. Qxf7+ 1-0